|
|
|
|
| LEADER |
01530nam a2200337 u 4500 |
| 001 |
10023357 |
| 003 |
upatras |
| 005 |
20210117205752.0 |
| 008 |
990727m19971997us eng |
| 020 |
|
|
|a 0762302836
|
| 040 |
|
|
|a GR-PaULI
|c GR-PaULI
|
| 041 |
0 |
|
|a eng
|
| 082 |
0 |
4 |
|a 572.8
|
| 245 |
1 |
0 |
|a Protein structural biology in biomedical research
|c guest editors Norma M. Allewell and Clare Woodward
|
| 260 |
|
|
|a Greenwith, CO
|b Jai Press, Inc.
|c 1997
|
| 300 |
|
|
|a 2 v.
|b fig.
|c 24 cm.
|
| 490 |
0 |
|
|a Advances in molecular and cell biology
|v 22
|
| 504 |
|
|
|a Includes bibliographical references and index
|
| 505 |
0 |
|
|a v.1. xvii, 337 p. --
|a v.2. - xvii, 339-627 p.
|
| 650 |
|
4 |
|a Μοριακή βιολογία
|9 835
|
| 650 |
|
4 |
|a Κύτταρα
|9 1663
|
| 700 |
1 |
|
|a Allewell, Norma M.
|4 edt
|9 149317
|
| 700 |
1 |
|
|a Woodward, Clare
|4 edt
|9 149318
|
| 760 |
0 |
|
|a Advances in molecular and cell biology
|g 22
|
| 852 |
|
|
|a GR-PaULI
|b ΠΑΤΡΑ
|b ΒΚΠ
|b ΒΣ1
|k ΑΣΧΞ
|h 572.8 ALL
|m 045691
|p 025000059135
|t 1
|3 v.1
|
| 852 |
|
|
|a GR-PaULI
|b ΠΑΤΡΑ
|b ΒΚΠ
|b ΒΣ1
|k ΑΣΧΞ
|h 572.8 ALL
|m 045692
|p 025000059136
|t 1
|3 v.2
|
| 942 |
|
|
|2 ddc
|c BK15
|
| 952 |
|
|
|0 0
|1 0
|3 v.1
|4 0
|6 572_800000000000000_ALL
|7 0
|9 190008
|a LISP
|b LISP
|c BSC
|d 2016-04-24
|i 045691
|l 0
|o 572.8 ALL
|p 025000059135
|r 2016-04-24 00:00:00
|t 1
|w 2016-04-24
|y BK15
|
| 952 |
|
|
|0 0
|1 0
|3 v.2
|4 0
|6 572_800000000000000_ALL
|7 0
|9 190009
|a LISP
|b LISP
|c BSC
|d 2016-04-24
|i 045692
|l 0
|o 572.8 ALL
|p 025000059136
|r 2016-04-24 00:00:00
|t 1
|w 2016-04-24
|y BK15
|
| 998 |
|
|
|c ΜΑΝΙΑΚΗ
|d 1999-07
|
| 999 |
|
|
|c 117022
|d 117022
|